[Event "Sofia MGU rapid 7th"]
[Site "Sofia"]
[Date "2018.03.25"]
[Round "7"]
[White "Tsekov, Svetozar"]
[Black "Metev, Martin"]
[Result "1-0"]
[WhiteElo "2195"]
[BlackElo "1976"]
[PlyCount "75"]
[EventDate "2018.03.25"]
[EventType "swiss (rapid)"]
[EventRounds "8"]
[EventCountry "BUL"]
[SourceTitle "CBM 183 Extra"]
[Source "ChessBase"]
[SourceDate "2018.04.19"]
[SourceVersion "1"]
[SourceVersionDate "2018.04.19"]
[SourceQuality "1"]

1. d4 e6 2. c4 d5 3. Nf3 Nf6 4. g3 c6 5. Bg2 Nbd7 6. 0-0 dxc4 7. Qc2 b5 8. e4 Bb7 9. Rd1 Be7 10. a4 a6 11. Nbd2 0-0 12. b3 cxb3 13. Nxb3 Qc8 14. Nc5 Rd8 15. e5 Nd5 16. Ng5 g6 17. Nge4 Nxc5 18. dxc5 Nb4 19. Qb3 Rxd1+ 20. Qxd1 Nd5 21. Nd6 Qc7 22. Bb2 Bf8 23. Ra3 a5 24. Bxd5 cxd5 25. axb5 Bxd6 26. cxd6 Qc5 27. Qd3 a4 28. Rc3 Qb6 29. Ba3 h5 30. Rc7 Rb8 31. Bc5 Qa5 32. Qf3 f5 33. exf6 Qe1+ 34. Kg2 d4 35. Rxb7 Rf8 36. Rg7+ Kh8 37. Qf4 g5 38. Qxg5 1-0

[Event "Sofia MGU op 209th"]
[Site "Sofia"]
[Date "2018.03.10"]
[Round "1"]
[White "Metev, Martin"]
[Black "Stoyanov, Yordan"]
[Result "1-0"]
[WhiteElo "1892"]
[BlackElo "1457"]
[PlyCount "69"]
[EventDate "2018.03.10"]
[EventType "swiss"]
[EventRounds "6"]
[EventCountry "BUL"]
[SourceTitle "CBM 183 Extra"]
[Source "ChessBase"]
[SourceDate "2018.04.19"]
[SourceVersion "1"]
[SourceVersionDate "2018.04.19"]
[SourceQuality "1"]

1. e4 e5 2. Nf3 Nf6 3. Nc3 d6 4. d4 exd4 5. Nxd4 Be7 6. Be3 Bd7 7. f3 a6 8. Qd2 Nc6 9. Be2 0-0 10. 0-0-0 b5 11. g4 b4 12. Nd5 Nxd5 13. exd5 Nxd4 14. Bxd4 Bg5 15. f4 Bf6 16. Qxb4 Re8 17. Bf3 a5 18. Qc3 Bxd4 19. Qxd4 Qh4 20. b3 a4 21. Kb2 Qd8 22. h4 Qc8 23. h5 axb3 24. axb3 Qd8 25. h6 Qf6 26. Qxf6 gxf6 27. Rhe1 Kf8 28. Ra1 Rac8 29. c4 f5 30. g5 Kg8 31. Rxe8+ Bxe8 32. b4 c6 33. dxc6 Bxc6 34. Bxc6 Rxc6 35. Ra8+ 1-0

[Event "Sofia MGU op 205th"]
[Site "Sofia"]
[Date "2018.02.03"]
[Round "1"]
[White "Metev, Martin"]
[Black "Babatov, Martin"]
[Result "1/2-1/2"]
[WhiteElo "1892"]
[BlackElo "1746"]
[PlyCount "70"]
[EventDate "2018.02.03"]
[EventType "swiss"]
[EventRounds "6"]
[EventCountry "BUL"]
[SourceTitle "CBM 182 Extra"]
[Source "ChessBase"]
[SourceDate "2018.02.23"]
[SourceVersion "1"]
[SourceVersionDate "2018.02.23"]
[SourceQuality "1"]

1. e4 c6 2. d4 d5 3. Nc3 dxe4 4. Nxe4 Bf5 5. Ng3 Bg6 6. Nf3 Nd7 7. Nh4 e6 8. Nxg6 hxg6 9. c3 Qc7 10. Qf3 Ngf6 11. Bd2 Bd6 12. Bd3 c5 13. dxc5 Nxc5 14. Bb5+ Ncd7 15. 0-0 0-0 16. h3 Rac8 17. Rfd1 Ne5 18. Qe2 Nc4 19. Bxc4 Qxc4 20. Qxc4 Rxc4 21. Nf1 Rd8 22. b3 Rcc8 23. Be3 b6 24. c4 Be7 25. Bg5 Kf8 26. Ng3 Nh5 27. Bxe7+ Kxe7 28. Nxh5 gxh5 29. Kf1 Rc7 30. Rxd8 Kxd8 31. Ke2 Rd7 32. Rc1 Kc7 33. c5 g6 34. cxb6+ Kxb6 35. Ke3 Kb7 1/2-1/2

[Event "Sofia MGU 203rd"]
[Site "Sofia"]
[Date "2018.01.21"]
[Round "6"]
[White "Metev, Martin"]
[Black "Sabov, Borislav"]
[Result "1-0"]
[WhiteElo "1892"]
[BlackElo "1588"]
[PlyCount "77"]
[EventDate "2018.01.20"]
[EventType "tourn"]
[EventRounds "6"]
[EventCountry "BUL"]
[SourceTitle "CBM 182 Extra"]
[Source "ChessBase"]
[SourceDate "2018.02.23"]
[SourceVersion "1"]
[SourceVersionDate "2018.02.23"]
[SourceQuality "1"]

1. e4 e5 2. Nf3 Nc6 3. Bb5 a6 4. Ba4 Nf6 5. 0-0 d6 6. Bxc6+ bxc6 7. d4 exd4 8. Nxd4 Bd7 9. Re1 Be7 10. Bf4 0-0 11. Nc3 h6 12. h3 Nh7 13. e5 dxe5 14. Bxe5 Nf6 15. Bxc7 Qxc7 16. Rxe7 Qd6 17. Re3 c5 18. Nb3 Qxd1+ 19. Rxd1 c4 20. Na5 Be6 21. Rd4 Rfc8 22. Rd6 Rd8 23. Rxd8+ Rxd8 24. Nc6 Rd2 25. Re2 Rxe2 26. Nxe2 Nd5 27. c3 Nb6 28. Nb4 a5 29. Nc6 a4 30. f4 Kf8 31. Kf2 Ke8 32. Ke3 Bd5 33. Na5 Bxg2 34. h4 Bd5 35. Kd4 Kd7 36. Kc5 Kc7 37. Nd4 Nc8 38. Kxd5 Ne7+ 39. Kxc4 1-0

[Event "Sofia MGU op 202nd"]
[Site "Sofia"]
[Date "2018.01.14"]
[Round "6"]
[White "Babatov, Martin"]
[Black "Metev, Martin"]
[Result "1/2-1/2"]
[WhiteElo "1746"]
[BlackElo "1892"]
[PlyCount "49"]
[EventDate "2018.01.13"]
[EventType "swiss"]
[EventRounds "6"]
[EventCountry "BUL"]
[SourceTitle "CBM 182 Extra"]
[Source "ChessBase"]
[SourceDate "2018.02.23"]
[SourceVersion "1"]
[SourceVersionDate "2018.02.23"]
[SourceQuality "1"]

1. d4 e6 2. Bf4 d5 3. e3 Nf6 4. Nf3 Nbd7 5. c4 c6 6. Nc3 dxc4 7. Bxc4 b5 8. Bb3 a6 9. 0-0 Bb7 10. Rc1 Be7 11. Qe2 0-0 12. h3 Qb6 13. Rfd1 Rfd8 14. Ne5 c5 15. Nxd7 Rxd7 16. dxc5 Bxc5 17. Rxd7 Nxd7 18. Rd1 Nf6 19. Qd3 h6 20. Bc2 Be7 21. Be5 Rd8 22. Qe2 Rc8 23. Qd3 Rd8 24. Qe2 Rc8 25. Qd3 1/2-1/2

[Event "Sofia MGU op 199th"]
[Site "Sofia"]
[Date "2017.12.24"]
[Round "4"]
[White "Metev, Martin"]
[Black "Stamenov, Valeri"]
[Result "1-0"]
[WhiteElo "1892"]
[BlackElo "1827"]
[PlyCount "113"]
[EventDate "2017.12.23"]
[EventType "swiss"]
[EventRounds "6"]
[EventCountry "BUL"]
[SourceTitle "CBM 182 Extra"]
[Source "ChessBase"]
[SourceDate "2018.02.23"]
[SourceVersion "1"]
[SourceVersionDate "2018.02.23"]
[SourceQuality "1"]

1. e4 e5 2. Nf3 Nc6 3. Bb5 d6 4. Bxc6+ bxc6 5. d4 exd4 6. Nxd4 Bd7 7. 0-0 g6 8. Nc3 Bg7 9. Be3 Nf6 10. Qd2 0-0 11. Bh6 Rb8 12. Bxg7 Kxg7 13. Rab1 c5 14. Nf3 Re8 15. Rfe1 Ng4 16. h3 Ne5 17. Nxe5 Rxe5 18. f4 Re8 19. e5 Bc6 20. exd6 Rxe1+ 21. Qxe1 cxd6 22. b3 Qf6 23. Qd2 Rd8 24. Re1 d5 25. Re5 Qd6 26. Qe1 Rd7 27. g3 f6 28. Re6 Qc7 29. Kf2 Kf7 30. Re8 Re7 31. Rxe7+ Qxe7 32. Qxe7+ Kxe7 33. Ne2 Ke6 34. c3 Bb5 35. Ke3 Bxe2 36. Kxe2 a5 37. a3 Kd6 38. g4 Kc6 39. Kd3 Kb5 40. a4+ Kb6 41. h4 Kc6 42. Kc2 Kb6 43. Kb2 Kc6 44. Ka3 d4 45. cxd4 cxd4 46. b4 axb4+ 47. Kxb4 Kd5 48. a5 d3 49. Kc3 d2 50. Kxd2 Kc5 51. Kd3 Kb5 52. Kd4 Kxa5 53. Kd5 Kb6 54. Ke6 g5 55. hxg5 fxg5 56. f5 h5 57. f6 1-0

[Event "Sofia MGU op 198th"]
[Site "Sofia"]
[Date "2017.12.02"]
[Round "1"]
[White "Metev, Martin"]
[Black "Georgiev, Nikolay"]
[Result "1/2-1/2"]
[WhiteElo "1892"]
[BlackElo "1588"]
[PlyCount "166"]
[EventDate "2017.12.02"]
[EventType "swiss"]
[EventRounds "6"]
[EventCountry "BUL"]
[SourceTitle "CBM 181 Extra"]
[Source "ChessBase"]
[SourceDate "2017.12.12"]
[SourceVersion "1"]
[SourceVersionDate "2017.12.12"]
[SourceQuality "1"]

1. e4 e5 2. Nf3 Nc6 3. Bb5 Bc5 4. 0-0 Qf6 5. c3 Nge7 6. d3 0-0 7. Be3 Bb6 8. d4 Qg6 9. Nbd2 d6 10. d5 Nb8 11. Re1 f5 12. exf5 Nxf5 13. Bxb6 axb6 14. Bd3 Qh6 15. Ne4 Nh4 16. Nfg5 Na6 17. b4 Qg6 18. g3 Nf5 19. Be2 Qe8 20. Bd3 h6 21. Nf3 Ne7 22. a3 Bg4 23. Be2 Qf7 24. Kg2 Qxd5 25. Qxd5+ Nxd5 26. h3 Bf5 27. Bc4 Be6 28. Nfd2 Bf7 29. Kg1 Ne7 30. Bxf7+ Rxf7 31. c4 Raf8 32. Rf1 g5 33. Kg2 Ng6 34. Rae1 Nb8 35. Nc3 Nd7 36. a4 Ra8 37. Nde4 Nf6 38. Nxf6+ Rxf6 39. Nd5 Rf7 40. Ra1 Kg7 41. Rfb1 Rd7 42. a5 bxa5 43. bxa5 Ra7 44. Kf3 Ne7 45. Ke4 Nxd5 46. cxd5 c5 47. dxc6 bxc6 48. Rb6 Rdc7 49. a6 Kf6 50. Rc1 d5+ 51. Kf3 e4+ 52. Ke2 Ke5 53. Rcxc6 Rxc6 54. Rxc6 h5 55. Rg6 Kf5 56. Rh6 h4 57. gxh4 gxh4 58. Rh5+ Ke6 59. Rxh4 Ke5 60. Rh6 d4 61. Rh5+ Kf4 62. Ra5 d3+ 63. Kd2 Kf3 64. Rf5+ Kg2 65. Rf6 Kxh3 66. Rg6 Rf7 67. Ke3 Rd7 68. Kd2 Rf7 69. Ke1 Rd7 70. Re6 Rd4 71. a7 Ra4 72. Re7 Ra1+ 73. Kd2 Kg2 74. Ke3 d2 75. Rg7+ Kf1 76. Kxd2 Kxf2 77. Rf7+ Kg3 78. Ke3 Ra4 79. Rg7+ Kh4 80. Kf4 Kh5 81. Kf5 Kh6 82. Re7 e3 83. Re6+ Kg7 1/2-1/2

[Event "Sofia MGU blitz 10th"]
[Site "Sofia"]
[Date "2017.11.25"]
[Round "7"]
[White "Simeonov, Daniel"]
[Black "Metev, Martin"]
[Result "0-1"]
[WhiteElo "1522"]
[BlackElo "1987"]
[PlyCount "56"]
[EventDate "2017.11.25"]
[EventType "tourn (blitz)"]
[EventRounds "18"]
[EventCountry "BUL"]
[SourceTitle "EXT 2019"]
[Source "ChessBase"]
[SourceDate "2018.10.10"]
[SourceVersion "1"]
[SourceVersionDate "2018.10.10"]
[SourceQuality "1"]

1. e4 e6 2. Nf3 d5 3. exd5 exd5 4. d4 Nf6 5. Bd3 Bd6 6. 0-0 0-0 7. Nc3 c6 8. Ne2 Bg4 9. Ng3 Qb6 10. c3 Qc7 11. Bg5 Nbd7 12. Re1 Rfe8 13. Qd2 Bxf3 14. gxf3 h6 15. Be3 b6 16. Kg2 c5 17. dxc5 bxc5 18. Bc2 Rab8 19. b3 a5 20. Nf5 Bf8 21. Rac1 Qb7 22. Rcd1 Rbd8 23. Qc1 Ne5 24. Bf4 Ng6 25. Bg3 Nh5 26. Rxe8 Rxe8 27. Qd2 Qd7 28. Re1 Nhf4+ 0-1

[Event "Sofia MGU op 194th"]
[Site "Sofia"]
[Date "2017.10.29"]
[Round "5.3"]
[White "Metev, Martin"]
[Black "Ivanov, Daniel"]
[Result "1-0"]
[WhiteElo "1907"]
[BlackElo "1758"]
[PlyCount "73"]
[EventDate "2017.10.28"]
[EventType "swiss"]
[EventRounds "6"]
[EventCountry "BUL"]
[SourceTitle "CBM 181 Extra"]
[Source "ChessBase"]
[SourceDate "2017.12.12"]
[SourceVersion "1"]
[SourceVersionDate "2017.12.12"]
[SourceQuality "1"]

1. e4 e6 2. d4 c6 3. c4 d5 4. cxd5 cxd5 5. Nc3 a6 6. e5 Nc6 7. Nf3 Be7 8. Bd3 f5 9. 0-0 Bd7 10. h3 h5 11. a3 Rc8 12. Bd2 g6 13. b4 Na7 14. Qb3 Nb5 15. Ne2 g5 16. a4 Nc7 17. b5 g4 18. Nh2 Kf8 19. Ba5 Qe8 20. Bxc7 Rxc7 21. bxa6 bxa6 22. Bxa6 gxh3 23. gxh3 Qg6+ 24. Kh1 Kf7 25. Rg1 Qh7 26. Nf4 Nh6 27. Nxh5 Ng4 28. hxg4 fxg4 29. Rxg4 Qxh5 30. Qf3+ Qf5 31. Rf4 Rc2 32. Rxf5+ exf5 33. Qxd5+ Be6 34. Qf3 Rd8 35. Qh5+ Kf8 36. Rg1 Rxd4 37. Qh8+ 1-0

[Event "Sofia MGU op 194th"]
[Site "Sofia"]
[Date "2017.10.29"]
[Round "4.3"]
[White "Simeonov, Daniel"]
[Black "Metev, Martin"]
[Result "0-1"]
[WhiteElo "1528"]
[BlackElo "1907"]
[PlyCount "76"]
[EventDate "2017.10.28"]
[EventType "swiss"]
[EventRounds "6"]
[EventCountry "BUL"]
[SourceTitle "CBM 181 Extra"]
[Source "ChessBase"]
[SourceDate "2017.12.12"]
[SourceVersion "1"]
[SourceVersionDate "2017.12.12"]
[SourceQuality "1"]

1. d4 e6 2. c4 d5 3. e3 Nf6 4. a3 c6 5. f3 Be7 6. Nc3 Nbd7 7. Bd3 dxc4 8. Bxc4 b5 9. Bd3 a6 10. Nge2 c5 11. dxc5 Bxc5 12. 0-0 Qb6 13. Qd2 Bb7 14. b4 Be7 15. Kh1 Ne5 16. Nd4 Rd8 17. Be2 Nc6 18. Qb2 Nxd4 19. exd4 Qxd4 20. Nd1 0-0 21. Be3 Qxb2 22. Nxb2 Nd5 23. Bd2 Bf6 24. Rab1 Nb6 25. Be3 Nd5 26. Bc5 Rfe8 27. Nd1 Nf4 28. Re1 Bh4 29. Nf2 Rd2 30. g3 Nxe2 31. Ne4 Bxe4 32. fxe4 Bf6 33. Rb3 g6 34. Rf3 Bd4 35. Ref1 Bxc5 36. bxc5 f5 37. e5 Rc8 38. R3f2 Rxc5 0-1

[Event "Sofia MGU op 193rd"]
[Site "Sofia"]
[Date "2017.10.21"]
[Round "1"]
[White "Metev, Martin"]
[Black "Georgiev, Nikolay"]
[Result "1-0"]
[WhiteElo "1907"]
[BlackElo "1598"]
[PlyCount "67"]
[EventDate "2017.10.21"]
[EventType "swiss"]
[EventRounds "6"]
[EventCountry "BUL"]
[SourceTitle "CBM 181 Extra"]
[Source "ChessBase"]
[SourceDate "2017.12.12"]
[SourceVersion "1"]
[SourceVersionDate "2017.12.12"]
[SourceQuality "1"]

1. e4 e5 2. Nf3 Nc6 3. Bb5 Nf6 4. 0-0 Bc5 5. c3 Nxe4 6. d4 Be7 7. Re1 Nd6 8. Bxc6 dxc6 9. Nxe5 0-0 10. Bf4 Be6 11. Nd2 Bf6 12. Ndf3 Re8 13. h3 Nf5 14. Qd2 Nh4 15. Nxh4 Bxh4 16. b3 h6 17. Rad1 Bg5 18. Bxg5 Qxg5 19. Qxg5 hxg5 20. Re3 f6 21. Nd3 Bf7 22. Rde1 a5 23. Re7 a4 24. c4 axb3 25. axb3 Rxe7 26. Rxe7 Ra3 27. Nc5 b6 28. Ne4 Rxb3 29. Rxc7 Bxc4 30. Rxc6 Rb1+ 31. Kh2 Bd5 32. Rc8+ Kf7 33. Nc3 Bxg2 34. Nxb1 1-0